Quality and project management, quality assurance as a deal
Salvato in:
| Autore principale: | |
|---|---|
| Altri autori: | , , , |
| Natura: | Capitolo di libro |
| Lingua: | inglese |
| Tags: |
Nessun Tag, puoi essere il primo ad aggiungerne!!
|
MARC
| LEADER | 00000naa$a2200000$$$4500 | ||
|---|---|---|---|
| 001 | 0157461 | ||
| 005 | 20240502072741.8 | ||
| 041 | 0 | |a eng | |
| 044 | |a SK | ||
| 245 | 1 | 0 | |a Quality and project management, quality assurance as a deal |c Jean Michel Ruiz, Christine Angélini, Pascal Durenne, Thierry Pecqueux, Vojtech Kollár |
| 100 | 1 | |a Ruiz, Jean Michel | |
| 700 | 1 | |a Angélini, Christine | |
| 700 | 1 | |a Durenne, Pascal | |
| 700 | 1 | |a Pecqueux, Thierry | |
| 700 | 1 | |a Kollár, Vojtech | |